The Eeyou : (Record no. 13753)

000 -LEADER
fixed length control field 00743pam a2200181 a 4500
020 ## - INTERNATIONAL STANDARD BOOK NUMBER
ISBN 0875185495
040 ## - CATALOGING SOURCE
Transcribing agency DLC
082 ## - DEWEY DECIMAL CLASSIFICATION NUMBER
Classification number 971 MAX 1993 A102 Or.
100 1# - MAIN ENTRY--AUTHOR NAME
Personal name Siy, Alexandra.
245 14 - TITLE STATEMENT
Title The Eeyou :
Remainder of title people of eastern James Bay /
250 ## - EDITION STATEMENT
Edition statement 1st ed.
260 ## - PUBLICATION, DISTRIBUTION, ETC. (IMPRINT)
Place of publication New York :
Name of publisher Dillon Press ;
Place of publication Toronto :
Name of publisher Maxwell Macmillan Canada ;
Place of publication New York :
Name of publisher Maxwell Macmillan International,
Year of publication c1993.
300 ## - PHYSICAL DESCRIPTION
Number of Pages 80 p. :
Other physical details ill. (some col.), col. map ;
Dimensions 25 cm.
490 1# - SERIES STATEMENT
Series statement Global villages
520 ## - SUMMARY, ETC.
Summary, etc Describes the history, language, and culture of the Eeyou, or Cree Indians, of Eastern James Bay in northern Quebec and discusses how their way of life is threatened by hydroelectric projects.
650 #0 - SUBJECT ADDED ENTRY--TOPICAL TERM
Topical Term Cree Indians
942 ## - ADDED ENTRY ELEMENTS (KOHA)
Koha item type សៀវភៅភាសាអង់គ្លេស
952 ## - LOCATION AND ITEM INFORMATION (KOHA)
Withdrawn status [LOCAL, KOHA] 0
Holdings
Permanent Location Date acquired Koha item type Lost status Shelving location Barcode Current Location Full call number
Library Block A2017-08-30សៀវភៅភាសាអង់គ្លេស A102A21070Library Block A971 MAX 1993 A102 Or.
មជ្ឈមណ្ឌលឯការនៃសាកលវិទ្យាល័យភូមិន្ទកសិកម្មចំការដូង

Powered by Koha